Η αριστερά στην Ευρώπη του εικοστού αιώνα : παγκοσμιοποίηση,κράτος-έθνος, κοινωνική αλληλεγγύη, τεχνολογία και πολιτισμός : πρακτικά της διεθνούς συνάντησης στην Αθήνα, 3-4 Ιουλίου 1997

Αποθηκεύτηκε σε:
Λεπτομέρειες βιβλιογραφικής εγγραφής
Συγγραφή απο Οργανισμό/Αρχή: Ινστιτούτο Στρατηγικών και Αναπτυξιακών Μελετών "Ανδρέας Παπανδρέου"
Μορφή: Βιβλίο
Γλώσσα:Greek
Δημοσίευση: Αθήνα : Ινστιτούτο Στρατηγικών και Αναπτυξιακών Μελετών - Α. Παπανδρέου, 1998
Θέματα:
Ετικέτες: Προσθήκη ετικέτας
Δεν υπάρχουν, Καταχωρήστε ετικέτα πρώτοι!

MARC

LEADER 00000nam a2200000 i 4500
001 1/26500
008 020820s1998 gre d
035 |l 10068265 
040 |a GR-MY-UA  |b gre  |e aacr 
041 0 |a gre 
082 0 |a 320.54 
245 1 2 |a Η αριστερά στην Ευρώπη του εικοστού αιώνα :  |b παγκοσμιοποίηση,κράτος-έθνος, κοινωνική αλληλεγγύη, τεχνολογία και πολιτισμός : πρακτικά της διεθνούς συνάντησης στην Αθήνα, 3-4 Ιουλίου 1997 /  |c Ινστιτούτο Στρατηγικών και Αναπτυξιακών Μελετών - Α. Παπανδρέου 
260 |a Αθήνα :   |b Ινστιτούτο Στρατηγικών και Αναπτυξιακών Μελετών - Α. Παπανδρέου,   |c 1998 
300 |a 300 σ. 
650 0 0 |a Socialism  |z Europe. 
650 0 0 |a Globalization. 
710 2 |a Ινστιτούτο Στρατηγικών και Αναπτυξιακών Μελετών "Ανδρέας Παπανδρέου". 
852 |a INST  |b RHODES  |e 20020820  |h 320.54 ΑΡΙ  |p 005400016315  |q 005400016315  |t BK  |y 0 
901 |a BIBL4-2002-2 
909 |a Ρ  |b 101078 
920 |a ΠΑΝΕΛΛΗΝΙΑ ΑΓΩΝΙΣΤΙΚΗ ΣΠΟΥΔΑΣΤΙΚΗ ΠΑΡΑΤΑΞΗ (ΠΑΣΠ)ΡΟΔΟΥ  |y ΡΟΔΟΣ  |z 2002-05 
970 |a ΚΟΥΛΑΚΙΟΤΗ  |b ΛΙΤΣΑ  |z 2002/08/20